| 000 | 01161nam2a2200277 4500 | ||
|---|---|---|---|
| 001 | RU\NLR\bibl\403152 | ||
| 005 | 20260406153749.0 | ||
| 035 | _a(NLR Aleph) 000397296 | ||
| 090 |
_a553001 _c553001 |
||
| 100 | _a20030528d2002 |||y0rusy50 ca | ||
| 101 | 1 |
_arus _beng |
|
| 102 | _aRU | ||
| 105 | _aa ||||||||| | ||
| 200 | 1 |
_aКнига утраченных сказаний _hч. 2 |
|
| 210 |
_d2002 _aБ. м. |
||
| 215 | _a393 с.,[9] л. цв. ил. | ||
| 300 | _aНа обл. только частное назв. тома | ||
| 320 | _aУказ.: с. 353-390 | ||
| 461 | 0 |
_1001RU\NLR\bibl\404379 _12001#$aИстория Средиземья$vТ. 2 _9560235 _aТолкин, Д. Р. Р. (1892-1973) _cБ.м. _d2002 _fДжон Рональд Руэл Толкин _nБ.и. _o[Пер. с англ.] _tИстория Средиземья _vТ. 2 |
|
| 512 | 1 |
_6z17790 _aКнига утраченных сказаний |
|
| 790 | 1 |
_4070 _8rus _7ca _aТолкин _bД. Р. Р. _f1892-1973 _gДжон Роналд Руэл _3RU\NLR\auth\776532 _9116484 |
|
| 801 | 0 |
_aRU _bNLR _c20030528 _gPSBO |
|
| 801 | 1 |
_aRU _bNLR _c20030528 |
|
| 942 | _cBOOK | ||
| 980 | _aNB | ||